Branding.com : (Record no. 344229)

000 -LEADER
fixed length control field 01408 a2200205 4500
020 ## - INTERNATIONAL STANDARD BOOK NUMBER
International Standard Book Number 0658003070
020 ## - INTERNATIONAL STANDARD BOOK NUMBER
International Standard Book Number 9780658003073
082 04 - DEWEY DECIMAL CLASSIFICATION NUMBER
Classification number 658.827
090 ## - LOCALLY ASSIGNED LC-TYPE CALL NUMBER (OCLC); LOCAL CALL NUMBER (RLIN)
-- 1714
-- 1714
100 1# - MAIN ENTRY--PERSONAL NAME
Personal name Kania, Deborah.
245 10 - TITLE STATEMENT
Title Branding.com :
Remainder of title on-line branding for marketing success /
Statement of responsibility, etc. Deborah Kania.
250 ## - EDITION STATEMENT
Edition statement illustrated edition ed.
260 ## - PUBLICATION, DISTRIBUTION, ETC.
Place of publication, distribution, etc. [S.l.] :
Name of publisher, distributor, etc. McGraw-Hill Companies,
Date of publication, distribution, etc. 2001.
300 ## - PHYSICAL DESCRIPTION
Extent 285 p. ;
Dimensions 24 cm.
500 ## - GENERAL NOTE
General note Hardcover.
520 ## - SUMMARY, ETC.
Summary, etc. On-line branding--brand marketing on the Internet--is now the biggest challenge facing most marketers. Branding.com reveals why branding is the most important element in any marketing plan and why it must be uniquely executed in each medium--including on the Internet--in order to be successful. For companies extending their branding efforts onto the Internet, as well as for web entrepreneurs who are looking to brand a product or service exclusively on-line, Branding.com explores the basics of on-line brand marketing and shows how to plan and execute a successful on-line branding strategy and how to develop a "next generation media mix" to leverage both on-line and off-line marketing media in promoting a brand.
856 40 - ELECTRONIC LOCATION AND ACCESS
Materials specified Amazon.com
Uniform Resource Identifier <a href="http://www.amazon.com/exec/obidos/ASIN/0658003070/chopaconline-20">http://www.amazon.com/exec/obidos/ASIN/0658003070/chopaconline-20</a>
856 40 - ELECTRONIC LOCATION AND ACCESS
Materials specified Amazon customer reviews
Uniform Resource Identifier <a href="http://www.chopac.org/cgi-bin/tools/azrev.pl?q=0658003070">http://www.chopac.org/cgi-bin/tools/azrev.pl?q=0658003070</a>
942 ## - ADDED ENTRY ELEMENTS (KOHA)
Institution code [OBSOLETE] NBS
Koha item type Book
Call number prefix 658.827 KAN
Holdings
Withdrawn status Lost status Damaged status Not for loan Permanent Location Current Location Date acquired Total Checkouts Full call number Barcode Date last seen Price effective from Koha item type
        Central Library (CL) Central Library (CL) 08/28/2013   658.827 KAN NBS6610 08/28/2013 08/28/2013 Book
© 2023 Central Library, National University of Sciences and Technology. All Rights Reserved.